000 00303nam a2200121Ia 4500
008 231129s2015||||xx |||||||||||||| ||spa||
082 _aER- 009
100 _aAcademia Pereirana de Historia
245 0 _aCorregimiento La Bella- Pereira
260 _c2015
264 _a[sin editorial]
942 _2ddc
_cBKS
999 _c8137
_d8137